000
00294nam a2200109Ia 4500
008
200302s9999 xx 000 0 und d
100
_a
Brent Richards and Dennies Gilbert
245
_a
New glass architecture
260
_b
Laurence King Publishing Ltd. London
260
_c
2006
300
_a
240 P.,
999
_c
2904
_d
2904